Deepgruha (Record no. 96419)

MARC details
000 -LEADER
fixed length control field 00493nam a2200193Ia 4500
005 - DATE AND TIME OF LATEST TRANSACTION
control field 20230401142902.0
008 - FIXED-LENGTH DATA ELEMENTS--GENERAL INFORMATION
fixed length control field 230125s9999 xx 000 0 und d
041 ## - LANGUAGE CODE
Language code of text/sound track or separate title eng
082 ## - DEWEY DECIMAL CLASSIFICATION NUMBER
Classification number 920.71
Item number KEE
100 ## - MAIN ENTRY--PERSONAL NAME
Author Keer G
245 ## - TITLE STATEMENT
Title Deepgruha
250 ## - EDITION STATEMENT
Edition statement 1st Ed.
260 ## - PUBLICATION, DISTRIBUTION, ETC.
Date of publication, distribution, etc. 2012
Name of publisher, distributor, etc. Riya Publications
Place of publication, distribution, etc. kolhapur
300 ## - PHYSICAL DESCRIPTION
Extent 328p
500 ## - GENERAL NOTE
Keywords Biography;Collective biographies
650 ## - SUBJECT ADDED ENTRY--TOPICAL TERM
Topical term or geographic name entry element Biography;Collective biographies
700 ## - ADDED ENTRY--PERSONAL NAME
Personal name Keer G
942 ## - ADDED ENTRY ELEMENTS (KOHA)
Koha item type Books
Holdings
Withdrawn status Lost status Damaged status Not for loan Home library Current library Date acquired Vendor Total Checkouts Full call number Barcode Date last seen Date last checked out Bill Date Koha item type Original Barcode
        Smt. Hiraben Nanavati Institute of Management & Research for Women Smt. Hiraben Nanavati Institute of Management & Research for Women 01/03/2019 Satya Gilani 1 920.71 KEE DB2908 HIMR-DB-2908 14/10/2025 07/10/2025 25/01/2023 Donated Book DB2908